| 000 | 01005nam0a22002891 4500 | ||
|---|---|---|---|
| 001 | RU\NLR\INFOCOMM_253\5000014720 | ||
| 005 | 20250613093134.0 | ||
| 035 | _a(NLR Aleph) 009191114 | ||
| 090 |
_a8631003 _c8631003 |
||
| 100 | _a20100405d1966 |||y0rusy50 ca | ||
| 101 | 0 | _aspa | |
| 102 | _aRU | ||
| 105 | _aa ||||000|y | ||
| 200 | 1 |
_aVolgogrado _eGuía descriptiva _fYuri Jarin |
|
| 210 |
_aΜ. _cProgreso _d[1966] |
||
| 215 |
_a84 с.; 17 л. ил., карт. _cил., карт. _d17 см |
||
| 300 | _aНа обл. авт. не указан | ||
| 300 | _aНа обороте тит. л.: Ю. Харин. Волгоград. Краткий путеводитель | ||
| 607 |
_aВолгоград _jПутеводители _2nlr_sh1 |
||
| 686 |
_aУн15-350 Вол _2rubbk |
||
| 700 | 1 |
_9z02790 _aCharin _bJ. A. _gJurij Aleksandrovič _4070 |
|
| 790 | 1 |
_9z02700 _aJarin _bY. _gYuri _4070 |
|
| 801 | 1 |
_aRU _bNLR _c20100405 |
|
| 801 | 0 |
_aRU _bNLR _gPSBO |
|
| 852 |
_aNLR _jО-21 Г-1/29 |
||
| 942 | _cBOOK | ||
| 980 | _aNB | ||